00309nam a2200133Ia 4500003000400000005001700004008004100021040001800062041000800080100003900088110001200127245001600139260002000155OSt20230525153004.0211028s2018 xx 000 0 und d cAIMIT LIBRARY aeng aMestha, Sandesh; Ruban, S.e161931 aRuban S aDoctor app. aMangaluruc2018